| 000 | 00351nam a2200145Ia 4500 | ||
|---|---|---|---|
| 005 | 20251222140059.0 | ||
| 008 | 251222s1900||||xx |||||||||||||| ||spa|| | ||
| 020 | _a968-432-241-0 | ||
| 082 | _a109/G23 | ||
| 100 | _aGarcía Morente, Manuel | ||
| 245 | 0 | _aLecciones Preliminares de Filosofía | |
| 250 | _a10a.ed. | ||
| 264 | _bPorrúa | ||
| 942 | _cLIB | ||
| 999 |
_c3861 _d3861 |
||